000
00328nam a2200121 a 4500
008
110519s1960|||| d
245
1
0
_a
Zelenina a ovocie v našej kuchyni
_b
463 osvedčených predpisov
260
_b
Osveta
_a
Bratislava
_c
1960
020
_c
16,70
044
_a
xo
_c
SK
041
_a
slo
100
1
_a
Gordan, Jozef
999
_c
19722
_d
19722